[Event "ICS rated blitz match"]
[Site "204.178.125.65"]
[Date "1999.08.28"]
[Round "?"]
[White "Hossa"]
[Black "gallati"]
[Result "1-0"]
[WhiteElo "2472"]
[BlackElo "2084"]
[PlyCount "81"]
[EventDate "1999.??.??"]

1. d4 Nf6 2. Nf3 g6 3. c4 Bg7 4. Nc3 O-O 5. e4 d6 6. Be2 Bg4 7. O-O Nfd7 8. d5
e5 9. Ng5 Bxe2 10. Nxe2 h6 11. Nh3 a5 12. f3 f5 13. Nf2 f4 14. b3 Na6 15. Bb2
Rf7 16. Ba3 Bf8 17. Qd2 b6 18. Nd3 g5 19. Rad1 Rg7 20. Nc3 h5 21. Rfe1 g4 22.
fxg4 hxg4 23. Rf1 Rh7 24. Qe1 Qg5 25. Nf2 Be7 26. Rd3 Rf8 27. Bc1 Rff7 28. Qd1
Rfg7 29. Ne2 Nac5 30. Rc3 Qh5 31. h3 Nf6 32. Qe1 Ncxe4 33. Nxe4 Nxe4 34. Nxf4
exf4 35. Qxe4 gxh3 36. Rc2 hxg2 37. Qe6+ Kh8 38. Qc8+ Rg8 39. Bb2+ Rhg7 40.
Bxg7+ Kxg7 41. Rxg2+ {gallati resigns} 1-0

[Event "ICS rated blitz match"]
[Site "204.178.125.65"]
[Date "1999.09.14"]
[Round "?"]
[White "Hossa"]
[Black "gmvera"]
[Result "1-0"]
[WhiteElo "2408"]
[BlackElo "2213"]
[PlyCount "41"]
[EventDate "1999.??.??"]

1. Nf3 d5 2. d4 c6 3. Bg5 Qb6 4. b3 Bf5 5. e3 e6 6. Be2 h6 7. Bf4 a5 8. O-O a4
9. Nbd2 Nf6 10. bxa4 Nbd7 11. Rb1 Qa7 12. Ne5 Be7 13. Bd3 O-O 14. Bxf5 exf5 15.
Nxd7 Nxd7 16. Qh5 g5 17. Bg3 Kg7 18. c4 Nf6 19. Be5 Qa5 20. Rxb7 Qd8 21. f4 {
gmvera resigns} 1-0

[Event "ICS rated blitz match"]
[Site "204.178.125.65"]
[Date "1999.09.12"]
[Round "?"]
[White "Hossa"]
[Black "graetjoiner"]
[Result "1-0"]
[WhiteElo "2473"]
[BlackElo "2194"]
[PlyCount "109"]
[EventDate "1999.??.??"]

1. d4 Nf6 2. c4 g6 3. Nc3 Bg7 4. e4 d6 5. Nf3 O-O 6. Be2 e5 7. O-O Nbd7 8. Bg5
c6 9. Qd2 Qe7 10. dxe5 dxe5 11. Rad1 Re8 12. Bh6 Nc5 13. Bxg7 Kxg7 14. Ng5 h6
15. b4 Ne6 16. Nxe6+ Bxe6 17. Qb2 Red8 18. Na4 Nd7 19. Nc5 Nxc5 20. Qxe5+ f6
21. Qxc5 Qxc5 22. bxc5 Kf7 23. Rd6 Ke7 24. Rb1 Rab8 25. Rbd1 Rxd6 26. cxd6+ Kd7
27. a4 b6 28. f4 c5 29. g3 Rc8 30. Kf2 Rc6 31. e5 fxe5 32. fxe5 Rc8 33. Ke3 Rf8
34. Rf1 Rxf1 35. Bxf1 Bf5 36. Bd3 Be6 37. h4 g5 38. Kf3 Kd8 39. hxg5 hxg5 40.
Be2 Kd7 41. g4 Bf7 42. Bd3 Bg8 43. Bf5+ Kc6 44. d7 Kc7 45. e6 Kd8 46. Ke4 Ke7
47. Kd5 a6 48. Kc6 b5 49. axb5 axb5 50. cxb5 c4 51. Kc7 Kf6 52. d8=Q+ Ke5 53.
Qd6+ Kf6 54. Qd4+ Ke7 55. Qd8# {graetjoiner checkmated} 1-0

[Event "ICS rated blitz match"]
[Site "204.178.125.65"]
[Date "1999.09.25"]
[Round "?"]
[White "Hossa"]
[Black "guchess"]
[Result "1-0"]
[WhiteElo "2420"]
[BlackElo "2033"]
[PlyCount "51"]
[EventDate "1999.??.??"]

1. e4 c5 2. Nf3 e6 3. d4 cxd4 4. Nxd4 a6 5. Nc3 b5 6. Bd3 Bb7 7. O-O h5 8. Bf4
d6 9. Qc1 e5 10. Bg5 Nf6 11. Nf5 g6 12. Ne3 Be7 13. a3 Nbd7 14. f4 Qb6 15. Qd2
Ng4 16. Rae1 f6 17. Bh4 exf4 18. Rxf4 g5 19. Rxg4 hxg4 20. Bf2 Qc7 21. Ncd5 Qd8
22. Nxg4 Ne5 23. Bb6 Qc8 24. Ngxf6+ Kf7 25. Nxe7 Kxf6 26. Nxc8 {guchess resigns
} 1-0

[Event "ICS rated blitz match"]
[Site "204.178.125.65"]
[Date "1999.10.13"]
[Round "?"]
[White "Hossa"]
[Black "gucio"]
[Result "1-0"]
[WhiteElo "2396"]
[BlackElo "2294"]
[PlyCount "97"]
[EventDate "1999.??.??"]

1. e4 c5 2. Nf3 d6 3. d4 cxd4 4. Nxd4 Nf6 5. Nc3 a6 6. Be3 e5 7. Nb3 Be7 8. Be2
Be6 9. Bf3 O-O 10. O-O Nbd7 11. Qd2 b5 12. Rad1 Qc7 13. Ne2 Rac8 14. c3 Nb6 15.
Qc1 Nc4 16. Bg5 h6 17. Bxf6 Bxf6 18. Qc2 a5 19. Nbc1 a4 20. Nd3 a3 21. b3 Nb6
22. Nb4 Rfd8 23. Qd3 Qc5 24. Rfe1 g6 25. Rf1 Bg7 26. Qd2 Kh7 27. Qc1 f5 28.
exf5 gxf5 29. Na6 e4 30. Nxc5 exf3 31. Nf4 fxg2 32. Kxg2 Bf7 33. Nb7 Rg8 34.
Qc2 Be5+ 35. Kh1 Bxf4 36. Qxf5+ Bg6 37. Qxf4 Rcf8 38. Qe3 Re8 39. Qxb6 Re2 40.
Nxd6 Rxa2 41. Rg1 Re2 42. Qa7+ Rg7 43. Qxa3 Rxf2 44. Rxg6 Rxg6 45. Qa7+ Rg7 46.
Qxf2 Kh8 47. Qf8+ Kh7 48. Nf5 Ra7 49. Rg1 {gucio resigns} 1-0

[Event "ICS rated blitz match"]
[Site "204.178.125.65"]
[Date "1999.09.23"]
[Round "?"]
[White "Hossa"]
[Black "hamsi"]
[Result "1-0"]
[WhiteElo "2390"]
[BlackElo "2452"]
[PlyCount "85"]
[EventDate "1999.??.??"]

1. Nf3 Nc6 2. d4 d5 3. e3 Bg4 4. Be2 e6 5. O-O Nf6 6. c4 Ne7 7. Nc3 c6 8. Bd2
Ng6 9. cxd5 exd5 10. Qb3 Qb6 11. Qxb6 axb6 12. Rfc1 Bd6 13. Ng5 Bxe2 14. Nxe2
h6 15. Nf3 Ne4 16. Rc2 f6 17. a3 Kd7 18. Be1 Ra4 19. h4 Rha8 20. h5 Ne7 21. Nh4
Bc7 22. f3 Ng5 23. Nc3 R4a6 24. e4 dxe4 25. fxe4 b5 26. Rac1 Bf4 27. Rd1 b4 28.
axb4 Ra1 29. Re2 Rxd1 30. Nxd1 Ra1 31. Nf2 Bg3 32. Nf3 Ne6 33. Nd3 Rd1 34. Nc5+
Nxc5 35. bxc5 Bxe1 36. Rxe1 Rd3 37. Re2 Rb3 38. d5 Rb5 39. d6 Nc8 40. Rc2 Rb4
41. e5 fxe5 42. Nxe5+ Kd8 43. Rf2 {hamsi resigns} 1-0

[Event "ICS rated blitz match"]
[Site "204.178.125.65"]
[Date "1999.09.08"]
[Round "?"]
[White "Hossa"]
[Black "hamsi"]
[Result "1-0"]
[WhiteElo "2503"]
[BlackElo "2276"]
[PlyCount "69"]
[EventDate "1999.??.??"]

1. e4 Nf6 2. e5 Ng8 3. d4 d5 4. Bb5+ c6 5. Bd3 c5 6. dxc5 Nc6 7. Bb5 e6 8. Be3
Bd7 9. Bxc6 Bxc6 10. Nf3 Ne7 11. O-O Nf5 12. b4 h6 13. Nc3 a6 14. Ne2 g5 15.
Ned4 Nxd4 16. Nxd4 Bg7 17. f4 Qd7 18. fxg5 O-O-O 19. Nxc6 Qxc6 20. gxh6 Bxe5
21. Bd4 Bxd4+ 22. Qxd4 Rxh6 23. Rxf7 Rg6 24. Raf1 Kb8 25. Qe5+ Ka7 26. c3 Rdg8
27. R1f2 d4 28. R7f3 dxc3 29. Qxc3 Qe4 30. h3 Qb1+ 31. Kh2 Qd1 32. Qe3 Ka8 33.
Rf8+ Rxf8 34. Rxf8+ Ka7 35. Qe5 {hamsi resigns} 1-0

[Event "ICS rated blitz match"]
[Site "204.178.125.65"]
[Date "1999.10.01"]
[Round "?"]
[White "Hossa"]
[Black "hnishy"]
[Result "1-0"]
[WhiteElo "2335"]
[BlackElo "2345"]
[PlyCount "127"]
[EventDate "1999.??.??"]

1. e4 e6 2. d4 d5 3. Nc3 Nf6 4. Bg5 dxe4 5. Nxe4 Be7 6. Nxf6+ gxf6 7. Bf4 b6 8.
Qf3 Qd5 9. Qxd5 exd5 10. Bxc7 Nc6 11. c3 Bf5 12. Bb5 Kd7 13. Bg3 a6 14. Ba4 b5
15. Bb3 Be6 16. O-O-O Na5 17. Bc2 Rhc8 18. Bxh7 b4 19. Ne2 f5 20. Be5 Rc6 21.
Kb1 f6 22. Bf4 Nc4 23. cxb4 Bxb4 24. Ng3 Bd6 25. Bxd6 Nxd6 26. Rc1 Rxc1+ 27.
Rxc1 Rh8 28. Nh5 Ne4 29. Bg6 Rh6 30. Nf4 Nxf2 31. Nxe6 Kxe6 32. Rc6+ Ke7 33.
Bxf5 Rxh2 34. Rxa6 Rxg2 35. Re6+ Kf7 36. Re2 Rg1+ 37. Kc2 Rf1 38. Be6+ Kg6 39.
Bxd5 f5 40. Bg2 Rg1 41. Rxf2 Kg5 42. Bf3 Kf4 43. Bd5+ Ke3 44. Rxf5 Kxd4 45. Bf7
Rg2+ 46. Kb3 Rg3+ 47. Kb4 Rg2 48. Rd5+ Ke3 49. Kc3 Rf2 50. Rd3+ Kf4 51. Bc4 Ke5
52. a4 Rf1 53. Rd5+ Ke6 54. Rd1+ Ke5 55. Rxf1 Ke4 56. Re1+ Kf3 57. Kd3 Kf4 58.
Kd4 Kf5 59. Rf1+ Kg6 60. Ke5 Kg5 61. Rg1+ Kh4 62. Kf4 Kh3 63. Bd5 Kh2 64. Rh1#
{hnishy checkmated} 1-0

[Event "ICS rated blitz match"]
[Site "204.178.125.65"]
[Date "1999.10.01"]
[Round "?"]
[White "Hossa"]
[Black "hnishy"]
[Result "1/2-1/2"]
[WhiteElo "2349"]
[BlackElo "2311"]
[PlyCount "189"]
[EventDate "1999.??.??"]

1. d4 f5 2. g3 Nf6 3. Bg2 g6 4. Nf3 Bg7 5. O-O O-O 6. c4 c6 7. Nc3 Ne4 8. Bf4
Nxc3 9. bxc3 d6 10. Bg5 h6 11. Bc1 Qa5 12. Bd2 Be6 13. Nh4 Kh7 14. Qb1 Qa6 15.
d5 Bf7 16. e4 f4 17. Qb4 c5 18. Qb5 Qxb5 19. cxb5 fxg3 20. fxg3 Nd7 21. Rf2 Bg8
22. Raf1 Rxf2 23. Rxf2 Rf8 24. Rxf8 Nxf8 25. Kf2 Bf7 26. a3 Be8 27. Bf1 Nd7 28.
Ng2 Ne5 29. Ne3 Bd7 30. a4 Bf6 31. Be2 Kg7 32. h4 h5 33. a5 Kf7 34. Kg2 b6 35.
c4 Bc8 36. a6 Bd7 37. Nd1 Kg7 38. Bf4 Bc8 39. Ne3 Nf7 40. Nc2 Bc3 41. Kf2 Ne5
42. Bg5 Kf7 43. Ke3 Bb2 44. Bf4 Bc1+ 45. Kf2 Bb2 46. Kg2 Bc3 47. Bg5 Bb2 48.
Ne3 Bc3 49. Bd1 Bb2 50. Bb3 Bd4 51. Bf4 Bc3 52. Nd1 Bd4 53. Nf2 Bc3 54. Bg5 Bd4
55. Kf1 Bc3 56. Ke2 Bd4 57. Bd2 Bb2 58. Bf4 Bd4 59. Bg5 Bc3 60. Ba2 Bd4 61. Bf4
Bc3 62. Be3 Bb2 63. Kf1 Bc3 64. Kg2 Bb2 65. Bb3 Bc3 66. Kf1 Bb2 67. Bf4 Bc3 68.
Nd1 Bd4 69. Ne3 Nd3 70. Bg5 Bh3+ 71. Kg1 Ne5 72. Kf2 Nd3+ 73. Kg1 Ne5 74. Kf2
Ng4+ 75. Kf3 Nxe3 76. Bxe3 Bg4+ 77. Kf2 Kf6 78. Bc2 Ke5 79. Bd3 Bd1 80. Bb1 Bb3
81. Bd3 Ba2 82. Kf3 Bxe3 83. Kxe3 Bb3 84. Be2 Bc2 85. Bd3 Bd1 86. Bb1 Bg4 87.
Bc2 Bh3 88. Bd3 Bg2 89. Bc2 Bh1 90. Bd3 Bg2 91. Bc2 Bh1 92. Bd3 Bg2 93. Bc2 Bf1
94. Bd3 Bg2 95. Bc2 {Game drawn by repetition} 1/2-1/2

[Event "ICS rated blitz match"]
[Site "204.178.125.65"]
[Date "1999.10.01"]
[Round "?"]
[White "Hossa"]
[Black "hnishy"]
[Result "0-1"]
[WhiteElo "2351"]
[BlackElo "2350"]
[PlyCount "161"]
[EventDate "1999.??.??"]

1. d4 f5 2. g3 Nf6 3. Bg2 g6 4. Nf3 Bg7 5. O-O c6 6. c4 O-O 7. Nc3 Ne4 8. Bf4
Nxc3 9. bxc3 d6 10. Bg5 h6 11. Bc1 Kh7 12. Ba3 Be6 13. Nd2 Qa5 14. Bb4 Qc7 15.
e3 Nd7 16. Rb1 Nf6 17. Qa4 Bg8 18. Rb2 g5 19. f4 Bf7 20. fxg5 hxg5 21. Rxf5 Bh6
22. Ne4 Nxe4 23. Bxe4 Kg7 24. Ba5 Qd7 25. Rff2 g4 26. Bf5 Be6 27. Bxe6 Qxe6 28.
d5 Qxe3 29. c5 Rxf2 30. Qxg4+ Kh8 31. Rxf2 Rf8 32. Qe2 Qxc5 33. Bb4 Qxf2+ 34.
Qxf2 Rxf2 35. Kxf2 cxd5 36. Ke2 Kg7 37. Kd3 Kf6 38. a4 Ke5 39. Ba3 a6 40. Bb2
Kf5 41. Kd4 e6 42. Ba3 Bg7+ 43. Kd3 Be5 44. Bc1 Kg4 45. Be3 Kh3 46. Bg1 b5 47.
axb5 axb5 48. Be3 Kxh2 49. g4 Kg3 50. g5 Kg4 51. Kd2 Kf5 52. Kd3 Bg3 53. Bc1
Bh4 54. Ba3 Bxg5 55. Bxd6 Bf4 56. Be7 Be5 57. Kc2 Bg7 58. Bc5 Ke4 59. Bd6 Be5
60. Be7 Bc7 61. Kb3 Ba5 62. Bf6 Kd3 63. Be5 Ke4 64. Bf6 e5 65. Bg7 Kf5 66. Bh6
e4 67. Be3 Kg4 68. Bc5 Kf3 69. Bd4 Ke2 70. Be5 Kd3 71. Bf6 e3 72. Bd4 e2 73.
Bf2 Bxc3 74. Bg3 e1=Q 75. Bxe1 Bxe1 76. Kb2 Kc4 77. Kc2 b4 78. Kc1 Bc3 79. Kd1
b3 80. Ke2 b2 81. Kf2 {Hossa resigns} 0-1

[Event "ICS rated blitz match"]
[Site "204.178.125.65"]
[Date "1999.09.22"]
[Round "?"]
[White "Hossa"]
[Black "hphan"]
[Result "1-0"]
[WhiteElo "1850"]
[BlackElo "1590"]
[PlyCount "73"]
[EventDate "1999.??.??"]

1. d4 Nf6 2. c4 e6 3. Nc3 d5 4. Bg5 Nbd7 5. e3 c6 6. Bd3 Qa5 7. Bxf6 Nxf6 8.
Nge2 Bb4 9. O-O Bxc3 10. bxc3 O-O 11. cxd5 exd5 12. Qc2 h6 13. c4 dxc4 14. Qxc4
Be6 15. Qc2 Qg5 16. Rab1 Bh3 17. Ng3 Bc8 18. Bf5 Bxf5 19. Nxf5 Rab8 20. Nd6 b5
21. Qxc6 b4 22. Qf3 a5 23. Rfc1 Rfd8 24. Rc5 Qg6 25. Nf5 a4 26. Ne7+ Kh7 27.
Nxg6 fxg6 28. Ra5 b3 29. Rxa4 b2 30. Rc4 Rd7 31. Rc2 Rdb7 32. Qe2 Ne4 33. f3
Nd6 34. Rcxb2 Rxb2 35. Rxb2 Rxb2 36. Qxb2 Nc4 37. Qc1 {hphan resigns} 1-0

[Event "ICS rated blitz match"]
[Site "204.178.125.65"]
[Date "1999.09.08"]
[Round "?"]
[White "Hossa"]
[Black "imbecile"]
[Result "1-0"]
[WhiteElo "2499"]
[BlackElo "2017"]
[PlyCount "48"]
[EventDate "1999.??.??"]

1. e4 e6 2. d4 d5 3. e5 c5 4. c3 Nc6 5. Nf3 Qb6 6. Be2 cxd4 7. cxd4 Nge7 8. Nc3
h5 9. Na4 Qc7 10. O-O Nf5 11. Be3 Bd7 12. Bg5 Be7 13. Bxe7 Nfxe7 14. Rc1 Nf5
15. b4 Qd8 16. b5 Nce7 17. Nc5 b6 18. Nxd7 Qxd7 19. Qd2 h4 20. Qg5 Ng6 21. Bd3
Nfe7 22. Qg4 Rc8 23. Ng5 h3 24. Qf3 24... hxg2 {imbecile resigns} 1-0

[Event "ICS rated blitz match"]
[Site "204.178.125.65"]
[Date "1999.10.16"]
[Round "?"]
[White "Hossa"]
[Black "inmichess"]
[Result "1-0"]
[WhiteElo "2418"]
[BlackElo "2481"]
[PlyCount "81"]
[EventDate "1999.??.??"]

1. c4 Nf6 2. Nf3 e6 3. d4 Bb4+ 4. Bd2 Be7 5. Nc3 c5 6. d5 d6 7. e4 O-O 8. Bd3
Na6 9. a3 exd5 10. cxd5 Qb6 11. b3 Ng4 12. O-O Bf6 13. Rc1 Bd7 14. Bf4 Rfe8 15.
Nd2 Ne5 16. Bxe5 dxe5 17. Nc4 Qc7 18. Qe2 Rab8 19. Nd2 Bg5 20. Rc2 Qb6 21. Nf3
Bf4 22. Bb5 Bxb5 23. Qxb5 Qg6 24. Qd3 Rbd8 25. Rd1 Rd7 26. Ne2 Bh6 27. Nh4 Qh5
28. Nf5 Bg5 29. Neg3 Qg6 30. Qf3 Red8 31. Nh5 Bf6 32. Rc3 Rc7 33. Qe2 Bg5 34.
Rg3 f6 35. h4 Rcd7 36. hxg5 fxg5 37. Qg4 h6 38. Rh3 Qb6 39. Nhxg7 Rd6 40. Nxd6
Rxd6 41. Nf5 {inmichess resigns} 1-0

[Event "ICS rated blitz match"]
[Site "204.178.125.65"]
[Date "1999.10.08"]
[Round "?"]
[White "Hossa"]
[Black "inmichess"]
[Result "0-1"]
[WhiteElo "2414"]
[BlackElo "2498"]
[PlyCount "142"]
[EventDate "1999.??.??"]

1. e4 e5 2. Nf3 Nc6 3. Bc4 Bc5 4. c3 Nf6 5. d3 d6 6. O-O O-O 7. h3 Bb6 8. Bg5
Na5 9. Bb5 a6 10. Ba4 h6 11. Bxf6 Qxf6 12. Na3 Qg6 13. Kh1 Be6 14. b4 Nc6 15.
Bxc6 bxc6 16. Nh4 Qf6 17. Nf3 a5 18. Nc2 axb4 19. Nxb4 Ra3 20. c4 Bc5 21. Nc2
Ra7 22. a4 Rb7 23. a5 Ra8 24. Ra4 Rab8 25. a6 Rb2 26. Kg1 Ba7 27. Re1 Qg6 28.
Kf1 Bd7 29. Nh4 Qf6 30. Nf3 c5 31. Ra3 Qe6 32. Ne3 Qe7 33. Ra1 c6 34. Re2 R2b3
35. Kg1 Be6 36. Rea2 Qf6 37. Qe2 Qg6 38. Nd2 R3b4 39. Qf3 Qg5 40. Rc2 g6 41.
Ra5 Kg7 42. Qg3 Qxg3 43. fxg3 f6 44. Kf2 Bd7 45. g4 Rc8 46. Rc1 Be6 47. Rb1 Rd8
48. h4 Rdb8 49. Rf1 Rb2 50. Ke2 R8b6 51. h5 R6b3 52. hxg6 Kxg6 53. Nf5 d5 54.
cxd5 cxd5 55. exd5 Bd7 56. Rh1 Kg5 57. Nxh6 c4 58. Rh5+ Kg6 59. dxc4 Be3 60.
Ra1 Bxd2 61. Nf5 Bg5+ 62. Kf1 Bxf5 63. Rxg5+ Kxg5 64. gxf5 Kxf5 65. Ra5 Rc2 66.
Ra1 Rbb2 67. g3 Kg4 68. a7 Rh2 69. Kg1 Rbg2+ 70. Kf1 Kh3 71. a8=Q 71... Rh1# {
Hossa checkmated} 0-1

[Event "ICS rated blitz match"]
[Site "204.178.125.65"]
[Date "1999.08.29"]
[Round "?"]
[White "Hossa"]
[Black "inmortal"]
[Result "1-0"]
[WhiteElo "2461"]
[BlackElo "2333"]
[PlyCount "49"]
[EventDate "1999.??.??"]

1. c4 Nf6 2. d4 g6 3. Nc3 Bg7 4. e4 d6 5. Be2 O-O 6. Nf3 e5 7. Bg5 h6 8. Bxf6
Bxf6 9. dxe5 dxe5 10. Qxd8 Bxd8 11. Nxe5 Bf6 12. f4 c6 13. Nf3 Bxc3+ 14. bxc3
Na6 15. Bd3 Nc5 16. O-O-O Be6 17. Ne5 Kg7 18. Bc2 f6 19. Nxg6 Kxg6 20. f5+ Kf7
21. fxe6+ Kxe6 22. Rd4 Rg8 23. g3 Ke5 24. Rf1 Rg5 25. h4 {inmortal resigns} 1-0

[Event "ICS rated blitz match"]
[Site "204.178.125.65"]
[Date "1999.08.30"]
[Round "?"]
[White "Hossa"]
[Black "inmortal"]
[Result "1/2-1/2"]
[WhiteElo "2522"]
[BlackElo "2359"]
[PlyCount "87"]
[EventDate "1999.??.??"]

1. e4 e5 2. Nf3 Nc6 3. Bb5 a6 4. Ba4 Nf6 5. O-O Be7 6. Bxc6 dxc6 7. Nxe5 Nxe4
8. Re1 Nf6 9. d3 O-O 10. Bg5 Be6 11. b3 h6 12. Bh4 Nd5 13. Bxe7 Qxe7 14. Nd2
Rfe8 15. Ne4 Qh4 16. c4 Ne7 17. Nc5 b6 18. Nxe6 fxe6 19. Re4 Qf6 20. d4 Rad8
21. Qe2 Rd6 22. Ng4 Qg6 23. a4 Nf5 24. Ne5 Qg5 25. Rd1 Red8 26. Nf3 Qf6 27. Re1
Nxd4 28. Nxd4 Rxd4 29. Rxe6 Qf4 30. Rxc6 Rd2 31. Qe6+ Kh8 32. Qe3 Qxe3 33. fxe3
Rb2 34. Rxc7 Rdd2 35. g3 Rg2+ 36. Kh1 Rxh2+ 37. Kg1 Rhg2+ 38. Kh1 Rh2+ 39. Kg1
Rbg2+ 40. Kf1 Rf2+ 41. Kg1 Rfg2+ 42. Kf1 Rf2+ 43. Kg1 Rfg2+ 44. Kf1 {
Game drawn by repetition} 1/2-1/2

[Event "ICS rated blitz match"]
[Site "204.178.125.65"]
[Date "1999.08.30"]
[Round "?"]
[White "Hossa"]
[Black "inmortal"]
[Result "1-0"]
[WhiteElo "2503"]
[BlackElo "2363"]
[PlyCount "95"]
[EventDate "1999.??.??"]

1. e4 e5 2. Nf3 Nc6 3. Bb5 a6 4. Ba4 Nf6 5. O-O Be7 6. Bxc6 dxc6 7. Nxe5 Qd4 8.
Nf3 Qxe4 9. d4 Bg4 10. Nbd2 Qf5 11. Re1 Qd7 12. c4 O-O-O 13. Nb3 Rhe8 14. Qd3
Bb4 15. Ne5 Qf5 16. Qxf5+ Bxf5 17. Re3 Ng4 18. Nxg4 Bxg4 19. Bd2 Bxd2 20. Nxd2
Rxe3 21. fxe3 c5 22. h3 Bh5 23. g4 Bg6 24. d5 c6 25. e4 cxd5 26. exd5 Re8 27.
Kf2 Kd7 28. Re1 Rxe1 29. Kxe1 b5 30. b3 Kd6 31. Ke2 f6 32. Ke3 h5 33. gxh5 Bc2
34. Ne4+ Ke5 35. Nxc5 bxc4 36. bxc4 Bb1 37. a4 Ba2 38. Nd3+ Kd6 39. c5+ Kxd5
40. Nb4+ Kxc5 41. Nxa2 Kc4 42. Nc1 Kb4 43. Nd3+ Kxa4 44. Nc5+ Kb5 45. Ne6 Kc6
46. Nxg7 Kd7 47. h6 Ke7 48. h7 {inmortal resigns} 1-0

[Event "ICS rated blitz match"]
[Site "204.178.125.65"]
[Date "1999.08.31"]
[Round "?"]
[White "Hossa"]
[Black "inmortal"]
[Result "1-0"]
[WhiteElo "2534"]
[BlackElo "2357"]
[PlyCount "83"]
[EventDate "1999.??.??"]

1. d4 Nf6 2. c4 g6 3. Nc3 Bg7 4. e4 d6 5. f3 O-O 6. Kf2 a6 7. Nge2 c5 8. dxc5
dxc5 9. Be3 b6 10. Qxd8 Rxd8 11. Nd5 Nfd7 12. Nxe7+ Kf8 13. Nd5 Nc6 14. Bg5 f6
15. Nc7 fxg5 16. Nxa8 Be5 17. Rd1 Bb7 18. Rxd7 Rxd7 19. Nxb6 Rd2 20. Ke3 Rxb2
21. Nd7+ Ke7 22. Nxc5 Bd6 23. Nxb7 Rxb7 24. Nc3 Rb2 25. Nd5+ Ke6 26. h4 Bc5+
27. Kd3 g4 28. Nc7+ Ke5 29. f4+ Kxf4 30. Ne6+ Kg3 31. Nxc5 Rxa2 32. Kc3 Ra1 33.
Nd3 a5 34. e5 a4 35. Kb2 Rd1 36. e6 Ne7 37. Kc2 Ra1 38. Nc5 a3 39. Kb3 Kf2 40.
Ne4+ Ke3 41. Nf6 h5 42. Nd5+ {inmortal resigns} 1-0

[Event "ICS rated blitz match"]
[Site "204.178.125.65"]
[Date "1999.08.29"]
[Round "?"]
[White "Hossa"]
[Black "inmortal"]
[Result "1-0"]
[WhiteElo "2481"]
[BlackElo "2334"]
[PlyCount "83"]
[EventDate "1999.??.??"]

1. e4 e5 2. Nf3 Nc6 3. Bc4 Nf6 4. O-O Bc5 5. d3 d6 6. Be3 Bxe3 7. fxe3 Be6 8.
Bxe6 fxe6 9. Nbd2 O-O 10. c4 d5 11. Qb3 Rb8 12. cxd5 exd5 13. Rae1 h6 14. d4
Kh8 15. exd5 Qxd5 16. Nxe5 Nxe5 17. Qxd5 Nxd5 18. dxe5 Rxf1+ 19. Kxf1 c5 20.
Ke2 Kg8 21. Rf1 Re8 22. Nc4 Nb4 23. a4 Nc6 24. Rf4 g5 25. Rf5 Kg7 26. Kd3 Ne7
27. Nd6 Nxf5 28. Nxe8+ Kf7 29. g4 Kxe8 30. gxf5 Ke7 31. e4 h5 32. Ke3 b6 33. e6
a6 34. e5 b5 35. axb5 axb5 36. Ke4 g4 37. Kd5 h4 38. f6+ Ke8 39. e7 g3 40. e6
gxh2 41. Kd6 h1=Q 42. f7# {inmortal checkmated} 1-0

[Event "ICS rated blitz match"]
[Site "204.178.125.65"]
[Date "1999.08.30"]
[Round "?"]
[White "Hossa"]
[Black "inmortal"]
[Result "0-1"]
[WhiteElo "2497"]
[BlackElo "2353"]
[PlyCount "79"]
[EventDate "1999.??.??"]

1. e4 e5 2. Nf3 Nc6 3. Bb5 a6 4. Ba4 Nf6 5. Bxc6 dxc6 6. d3 Nd7 7. O-O f6 8.
Nh4 c5 9. Qh5+ Ke7 10. Ng6+ hxg6 11. Qxh8 Kf7 12. Nc3 Nb8 13. Qh7 Nc6 14. Bh6
Nd4 15. Rac1 g5 16. Rfe1 c6 17. a3 Qd7 18. Na4 Qg4 19. Kh1 Qh5 20. f4 gxf4 21.
Nb6 Rb8 22. Nxc8 Rxc8 23. c3 Ne6 24. Qf5 Qxh6 25. Qg4 Be7 26. Qe2 Rh8 27. h3
Ng5 28. Qg4 f3 29. Rcd1 fxg2+ 30. Kxg2 Nxh3 31. Kf3 Nf4 32. Rg1 Qh3+ 33. Qxh3
Rxh3+ 34. Rg3 Rh2 35. a4 Rxb2 36. Rdg1 Bf8 37. Rd1 Rb3 38. a5 Rb5 39. Ke3 Rxa5
40. Rh1 {Hossa resigns} 0-1

[Event "ICS rated blitz match"]
[Site "204.178.125.65"]
[Date "1999.08.29"]
[Round "?"]
[White "Hossa"]
[Black "inmortal"]
[Result "0-1"]
[WhiteElo "2499"]
[BlackElo "2326"]
[PlyCount "101"]
[EventDate "1999.??.??"]

1. c4 Nf6 2. d4 g6 3. Nc3 Bg7 4. e4 d6 5. Be2 O-O 6. Nf3 e5 7. Bg5 h6 8. Bxf6
Qxf6 9. Nb5 Na6 10. c5 Bg4 11. cxd6 cxd6 12. dxe5 dxe5 13. Nd2 Be6 14. Nc3 Rfd8
15. Bxa6 bxa6 16. O-O Qg5 17. f4 exf4 18. Qc2 Qc5+ 19. Kh1 g5 20. Rac1 Rac8 21.
a4 Qb4 22. Nf3 Bb3 23. Qf2 Qb6 24. Qe1 Qe3 25. a5 Rc5 26. Ne2 Rxc1 27. Nxc1 Bc4
28. Rg1 Qxe1 29. Rxe1 Bxb2 30. Ne2 Bxe2 31. Rxe2 Rd1+ 32. Re1 Rxe1+ 33. Nxe1
Bc3 34. Nd3 Bxa5 35. Nc5 Bb4 36. Nxa6 Bd6 37. Kg1 f6 38. Kf2 Kf7 39. h4 Ke6 40.
hxg5 hxg5 41. Ke2 Kd7 42. Kd3 Kc6 43. Kc4 g4 44. Kd3 Kb5 45. Ke2 Kxa6 46. Kd2
Kb5 47. Kd3 a5 48. e5 Bxe5 49. Kd2 a4 50. Kd3 a3 51. Ke4 {Hossa resigns} 0-1

[Event "ICS rated blitz match"]
[Site "204.178.125.65"]
[Date "1999.08.29"]
[Round "?"]
[White "Hossa"]
[Black "inmortal"]
[Result "1-0"]
[WhiteElo "2500"]
[BlackElo "2315"]
[PlyCount "77"]
[EventDate "1999.??.??"]

1. e4 e5 2. Nf3 Nc6 3. Bc4 Bc5 4. c3 Nf6 5. d4 exd4 6. cxd4 Bb4+ 7. Nc3 Nxe4 8.
O-O Bxc3 9. d5 Ne7 10. bxc3 O-O 11. Bb2 d6 12. Re1 Nf6 13. Bb3 Bg4 14. c4 Ng6
15. Qd3 Nd7 16. Qc3 Qf6 17. Qxf6 Nxf6 18. Bxf6 gxf6 19. Nd4 a6 20. Ba4 Ne5 21.
h3 Bd7 22. Bxd7 Nxd7 23. Re7 Rad8 24. Rae1 Ne5 25. Rxc7 Rc8 26. Rxb7 Rxc4 27.
Nf5 Ra4 28. Re2 Nc4 29. Re4 Nb6 30. Rxa4 Nxa4 31. Ra7 Nc3 32. Rxa6 Nxd5 33.
Nxd6 Rb8 34. Ra7 Rb1+ 35. Kh2 Rb2 36. g4 Rxf2+ 37. Kg3 Rc2 38. Ra8+ Kg7 39.
Nf5+ {inmortal resigns} 1-0

[Event "ICS rated blitz match"]
[Site "204.178.125.65"]
[Date "1999.08.29"]
[Round "?"]
[White "Hossa"]
[Black "inmortal"]
[Result "0-1"]
[WhiteElo "2506"]
[BlackElo "2307"]
[PlyCount "154"]
[EventDate "1999.??.??"]

1. c4 Nf6 2. d4 g6 3. Nc3 Bg7 4. e4 d6 5. Be2 O-O 6. Nf3 e5 7. Bg5 h6 8. Bxf6
Qxf6 9. Nb5 Na6 10. dxe5 dxe5 11. Nc3 c6 12. O-O Nc5 13. b4 Ne6 14. Qc2 Rd8 15.
Rad1 Nd4 16. Qd3 a5 17. b5 a4 18. Qe3 Be6 19. bxc6 bxc6 20. Nd2 Nc2 21. Qg3 Qe7
22. Bg4 Bxg4 23. Qxg4 Qa3 24. Ndb1 Qb4 25. Rc1 Nd4 26. Nd2 h5 27. Qd1 Bh6 28.
Ncb1 Bxd2 29. Nxd2 Ne2+ 30. Qxe2 Rxd2 31. Qf3 Rxa2 32. Qf6 a3 33. Qxc6 Rd8 34.
Rcd1 Rxd1 35. Rxd1 Qe7 36. c5 Rc2 37. Qa8+ Kg7 38. Qxa3 Qxc5 39. Qf3 Rc1 40. g3
Rxd1+ 41. Qxd1 Qc4 42. Qd5 Qxd5 43. exd5 Kf6 44. Kg2 Ke7 45. h3 Kd6 46. g4 hxg4
47. hxg4 f6 48. Kf3 Kxd5 49. Ke3 f5 50. gxf5 gxf5 51. f3 Kc4 52. Ke2 Kd4 53.
Kd2 f4 54. Ke2 Kc3 55. Kf2 Kd2 56. Kf1 Ke3 57. Ke1 Kxf3 58. Kd2 e4 59. Ke1 e3
60. Kf1 Kg3 61. Ke2 Kg2 62. Kd3 f3 63. Kxe3 f2 64. Ke4 f1=Q 65. Kd5 Qf4 66. Ke6
Qg5 67. Kd6 Qf5 68. Kc6 Qe5 69. Kd7 Qf6 70. Kc7 Qe6 71. Kb7 Qd6 72. Kc8 Qe7 73.
Kb8 Kf3 74. Ka8 Ke4 75. Kb8 Kd5 76. Ka8 Kc6 77. Kb8 77... Qb7# {
Hossa checkmated} 0-1

[Event "ICS rated blitz match"]
[Site "204.178.125.65"]
[Date "1999.08.29"]
[Round "?"]
[White "Hossa"]
[Black "inmortal"]
[Result "1-0"]
[WhiteElo "2498"]
[BlackElo "2296"]
[PlyCount "85"]
[EventDate "1999.??.??"]

1. c4 Nf6 2. d4 g6 3. Nc3 Bg7 4. e4 d6 5. Be2 O-O 6. Nf3 e5 7. Bg5 h6 8. Bxf6
Qxf6 9. Nb5 Na6 10. dxe5 dxe5 11. Nc3 c6 12. O-O Nc5 13. b4 Ne6 14. Qc2 Nd4 15.
Qd3 Rd8 16. Rfd1 Bg4 17. Nxd4 Rxd4 18. Qc2 Be6 19. Na4 b6 20. Nb2 Rad8 21. Rxd4
Rxd4 22. Bd3 Qg5 23. Kh1 h5 24. Rd1 Qd8 25. a3 Bf8 26. Qa4 c5 27. f3 cxb4 28.
axb4 a5 29. bxa5 bxa5 30. Qb3 Bb4 31. Rb1 h4 32. Bf1 Rd2 33. Nd3 Qd4 34. Nxb4
axb4 35. Qxb4 h3 36. Qb8+ Kg7 37. gxh3 Rf2 38. Bg2 Bxc4 39. h4 Be6 40. Qc7 Kh6
41. Qe7 Qd2 42. Qf6 Qf4 43. Qh8# {inmortal checkmated} 1-0